| 000 | 00465cam a2200169ua 4500 | ||
|---|---|---|---|
| 041 |
_aeng _h |
||
| 082 |
_a551.492 _bPRA/IM |
||
| 100 | _aPrakash, Om . | ||
| 245 |
_aImpact of watershed development programme in India / _cOm Prakash. _hTextual Documents |
||
| 260 |
_aDehradun : _bInternational book distributing co. , _c2004. |
||
| 300 |
_a ; _e`. |
||
| 504 | _a | ||
| 700 | 1 | _aReddy, Y V R . | |
| 700 | 1 | _aSastry , G . | |
| 942 | _cBK | ||
| 999 |
_c13095 _d13095 |
||